000
00277nam a22001337a 4500
008
170424b xxu||||| |||| 00| 0 eng d
020
_a
18293101
041
_a
eng
080
_2
3RD
_a
54
100
_a
12
101
_a
SHM
245
_a
CHEMISTRY
_c
BIDDLE, V
942
_2
udc
_c
BK
999
_c
11740
_d
11740